000 00709cam a22001935a 4500
001 ##J100674
008 000000s1906 000 0 eng u
035 _a(Sirsi) u100674
041 0 _aeng
050 0 4 _a333.0062 $2 18
110 2 _aSurveyors' Institution
_bIncorporated Benevolent Fund
_94853
245 0 0 _aCommittee's report and balance sheet for the years1901-1906
260 _a[S.l.]
_b[s.n.]
_c1906
300 _a5
_fv.
_c10cm.
520 _aContains a report of the institution proceedings, financial statements and a list of contributors.
651 4 _aGreat Britain
_y1707-
690 _aABOUT RICS-RICS STRUCTURE AND GOVERNANCE-RICS CORPORATE MANAGEMENT-RICS FINANCIAL MANAGEMENT
942 _n0
999 _c99748
_d99748